000
00309nam a22001457a 4500
005
20160629110830.0
008
160629b xxu||||| |||| 00| 0 eng d
041
_a
eng
082
_b
10981
245
_a
Power of Illustration
260
_b
Wabcom
300
_a
157
650
_a
Management
_9
241
942
_c
BK
999
_c
4588
_d
4586